000 01255nji a22003017a 4500
005 20100903161258.0
006 a|||||r|||||00| 0
007 sd ammalaaahaa
008 100830t xxu||||| |||| 00| 0 eng d
028 _aN. 5472
_bHis Master's Voice
035 _aGR-02782
040 _aSED
_cSED
100 _917455
_aMangeshkar, Lata and Hemant Kumar
245 _aNastik /
_cby Lata mangeshkar and Hemant Kumar
_h[sound recording] :
246 _aनास्तिक/लता मंगेशकर हेमंत कुमार द्वारा
260 _aDum Dum, India
_bHis Master's Voice
300 _a1 sound disc [Gramophone Recording]:
_banalog, 33 1/3 rpm
_c13 in. (LP)
_fGramophone Record
500 _aBrief Record
505 _a Side १ गगन झनझना रहा(Gagan jhanjhana raha)(Lata Mangeshkar and Hemant Kumar) Side 2 कितना बदल गया इंसान(Kitna badal gaya insaan) (Pradeep)
650 _aClassical music
_zIndia
_91186
_xExcerpts
700 _917416
_aRamachandra, C
700 _917456
_aPradeep
700 _919067
700 _919087
700 _919088
942 _2ddc
_cGR
999 _c45998
_d45998